000 00693nam a2200289Ia 4500
005 20260324125427.0
008 008 260324s9999 xx 000 0 eng d
020 _a9781315238524
037 _aEBOOK
040 _aCRL
040 _beng
040 _cCRL
041 _2eng
041 _aeng
084 _qCRL
100 _aSimon Pearse Brodbeck
_91177938
245 4 _aThe Mahabharata Patriline
245 0 _bGender, Culture, and the Royal Hereditary
260 _bTaylor and Francis
260 _c2009
365 _a
365 _b240
856 _uhttp://www.taylorfrancis.com/books/9781315238524
942 _cEBOOK
999 _c1773187
_d1773187